| 000 | 00893nam a22002777a 4500 | ||
|---|---|---|---|
| 999 |
_c7111 _d7111 |
||
| 003 | AR-CdUCM | ||
| 008 | 190319b ||||| |||| 00| 0 spa d | ||
| 040 |
_aMUNICIPALIDAD PROVINCIAL DEL CUSCO _cBIBLIOTECA MUNICIPAL DEL CUSCO |
||
| 041 | _heng | ||
| 082 |
_22ed. _a573 / _bB27 |
||
| 100 |
_aBates, Marston _920038 |
||
| 245 | _aEl Hombre en la Naturaleza / | ||
| 260 |
_aMexico : _bHispano Americana, _c1965. |
||
| 300 |
_a196 paginas ; _bIlustraciones, mapas, garficos, _c17 cm. |
||
| 440 |
_aManuales Uteha _n254/254a _920039 |
||
| 500 | _aSección 4 | ||
| 505 | _aContenido: salud y enfermedad -- ecologia y economia -- ciencia | ||
| 650 |
_aSalud y enfermedad _920040 |
||
| 650 |
_aEcologia _94960 |
||
| 650 |
_aEconomia _9382 |
||
| 650 |
_aCiencia _92098 |
||
| 700 |
_aAngel Mota, Miguel _920041 |
||
| 700 |
_aColon Manrique, Julio _919845 |
||
| 942 |
_2ddc _cLIBROS |
||
| 945 | _apjha | ||